MARC

LEADER 00000nam0a2200000 4500
001 118497
005 20231101215456.0
035 |a (RuTPU)RU\TPU\book\128221 
090 |a 118497 
100 |a 20070613d1969 m y0rusy50 ca 
101 0 |a rus 
102 |a LT 
105 |a a z 001zy 
200 1 |a Блестящие электролитические покрытия  |f Академия наук Литовский ССР, Институт химии и химической технологии ; под ред. Ю. Матулиса 
210 |a Вильнюс  |c Изд-во Минтис  |d 1969 
215 |a 614 с.  |c ил. 
320 |a Библиогр.: с. 585-587. 
320 |a Библиография в конце глав. 
320 |a Предметный указатель: с. 588-587. 
610 1 |a электролитическое покрытие 
610 1 |a гальванические покрытия 
610 1 |a хромирование 
610 1 |a никелирование 
610 1 |a кобальтирование 
610 1 |a железнение 
610 1 |a цинкование 
610 1 |a кадмирование 
610 1 |a лужение 
610 1 |a свинцевание 
610 1 |a меднение 
610 1 |a серебрение 
610 1 |a золочение 
675 |a 621.357  |v 3 
702 1 |a Матулис  |b Ю.  |g Юзас  |4 340 
712 0 2 |a Академия наук Литовский ССР  |b Институт химии и химической технологии  |2 stltpush  |3 (RuTPU)RU\TPU\col\12762  |9 25520 
801 1 |a RU  |b 63413507  |c 20070613  |g PSBO 
801 2 |a RU  |b 63413507  |c 20090117  |g PSBO 
942 |c BK